000 00655nas a2200229 4500
001 BR8304443
003 BR-BrBNA
005 20231205085653.0
007 ta
008 230509b bl.|||p| |||| 00| 00por d
040 _aBR-BrBNA
_bpor
_cBiblioteca Nacional de Agricultura
041 _a(Pt)
072 _aL00; N10
100 1 _aPortas, A.A.
245 1 _aInstalacao para suinocultura
650 _aSUÍNO
650 _aINSTALACAO AGRICOLA
650 _aPOCILGA
773 0 _tRevista de Mecanizacao Rural (Brazil)
_xISSN 0101-8817
_g(Dec-Jan 1983), v. 2(14) p. 27-32
_wBR8304443
909 _a202311
_bLúcia
_c55
_dLúcia Elande
942 _2AGRIS
_n0
_cANA
999 _c112953
_d112953